00425nam a2200157Ia 450000500170000000800410001704000190005804100120007708200170008924500560010626000380016230000100020065000190021070000280022985000100025720260526110557.0131103s9999 xx 000 0 und d aLoreto College aEnglish a821.08AbMOO aAustralian Poetry 1946cSelected by T. Inglis Moore aSydneybAngus and Robertsonc1956 a78p.  aEnglish Poetry aMoore, T. Inglis; Secl. aLCLIB